[Event "33rd Leon Blitz Final"]
[Site "chess.com INT"]
[Date "2020.07.15"]
[Round "1.1"]
[White "Ponkratov, Pavel"]
[Black "Puranik, Abhimanyu"]
[Result "1-0"]
[WhiteTitle "GM"]
[BlackTitle "GM"]
[WhiteElo "2631"]
[BlackElo "2584"]
[WhiteFideId "4157800"]
[BlackFideId "5061245"]
[EventDate "2020.07.15"]
[EventType "k.o. blitz"]

1. d4 Nf6 2. c4 c5 3. d5 e5 4. Nc3 d6 5. e4 Nbd7 6. Nf3 g6 7. Bd3 a6 8. O-O Bg7
9. a3 O-O 10. b4 Nh5 11. Nd2 Nf4 12. Bc2 f5 13. g3 Nh3+ 14. Kg2 Ng5 15. h4 Nf7
16. exf5 e4 17. fxg6 Bxc3 18. gxf7+ Rxf7 19. Rb1 Ne5 20. Bxe4 Qd7 21. Rh1 Bd4
22. f3 Rg7 23. Qe1 Qf7 24. bxc5 dxc5 25. Nb3 Bf5 26. Nxd4 cxd4 27. Bxf5 Qxf5 28.
Qe4 Qxe4 29. fxe4 Rc8 30. Bf4 Nd3 31. Bh6 Rg6 32. Rhd1 Rxc4 33. Rxd3 Rxh6 34.
Rxb7 Rf6 35. Rb2 h5 36. Re2 Kf7 37. e5 Rf5 38. e6+ Ke8 39. d6 Rd5 40. d7+ Ke7
41. Rf3 1-0

[Event "33rd Leon Blitz Final"]
[Site "chess.com INT"]
[Date "2020.07.15"]
[Round "1.2"]
[White "Puranik, Abhimanyu"]
[Black "Ponkratov, Pavel"]
[Result "1-0"]
[WhiteTitle "GM"]
[BlackTitle "GM"]
[WhiteElo "2584"]
[BlackElo "2631"]
[WhiteFideId "5061245"]
[BlackFideId "4157800"]
[EventDate "2020.07.15"]
[EventType "k.o. blitz"]

1. Nf3 Nf6 2. b3 g6 3. Bb2 Bg7 4. e3 O-O 5. c4 c5 6. Be2 Nc6 7. O-O b6 8. d4
cxd4 9. Nxd4 Bb7 10. Nc3 Nxd4 11. Qxd4 Ne4 12. Qd3 Nxc3 13. Bxc3 Bxc3 14. Qxc3
Qc7 15. Rac1 Rac8 16. Qd4 Rfd8 17. h4 d5 18. cxd5 Qxc1 19. Rxc1 Rxc1+ 20. Kh2
Rc2 21. Bf3 Rxf2 22. Qe5 Rd7 23. h5 Rxf3 24. gxf3 Bxd5 25. e4 Bc6 26. h6 1-0

[Event "33rd Leon Blitz Final"]
[Site "chess.com INT"]
[Date "2020.07.15"]
[Round "1.3"]
[White "Ponkratov, Pavel"]
[Black "Puranik, Abhimanyu"]
[Result "1-0"]
[WhiteTitle "GM"]
[BlackTitle "GM"]
[WhiteElo "2631"]
[BlackElo "2584"]
[WhiteFideId "4157800"]
[BlackFideId "5061245"]
[EventDate "2020.07.15"]
[EventType "k.o. blitz"]

1. d4 Nf6 2. c4 c5 3. d5 e5 4. Nc3 d6 5. e4 g6 6. Bd3 Bg7 7. Nge2 O-O 8. O-O a6
9. a3 Nbd7 10. b4 Ne8 11. Be3 b6 12. Bc2 f5 13. exf5 gxf5 14. f3 Ndf6 15. Rb1
Ra7 16. bxc5 bxc5 17. Rb8 Nh5 18. Qb1 e4 19. Na4 f4 20. Nb6 fxe3 21. Rxc8 Qh4
22. g3 Qh3 23. Bxe4 Rb7 24. Bxh7+ Kh8 25. Bf5 Rxf5 26. Rxe8+ Rf8 27. Rxf8+ Bxf8
28. a4 Rh7 29. Qg6 Qxh2+ 30. Kxh2 Nf4+ 31. Qxh7+ 1-0

[Event "33rd Leon Blitz Final"]
[Site "chess.com INT"]
[Date "2020.07.15"]
[Round "1.4"]
[White "Puranik, Abhimanyu"]
[Black "Ponkratov, Pavel"]
[Result "0-1"]
[WhiteTitle "GM"]
[BlackTitle "GM"]
[WhiteElo "2584"]
[BlackElo "2631"]
[WhiteFideId "5061245"]
[BlackFideId "4157800"]
[EventDate "2020.07.15"]
[EventType "k.o. blitz"]

1. Nf3 Nf6 2. g3 b6 3. Bg2 Bb7 4. b3 e6 5. Bb2 Be7 6. O-O O-O 7. d4 c5 8. dxc5
bxc5 9. c4 d6 10. Nc3 Nbd7 11. Qc2 a6 12. Rad1 Qc7 13. Nh4 Bxg2 14. Nxg2 Rfd8
15. Nf4 Nb8 16. Ne4 Ne8 17. Rd2 Nc6 18. Rfd1 a5 19. Qc3 Nd4 20. Qd3 Nc6 21. Nc3
Qb7 22. h4 Ne5 23. Qc2 Ng4 24. Nb5 a4 25. bxa4 Qa6 26. Qc3 Ngf6 27. h5 h6 28.
Qe3 Qxa4 29. Rc1 Ng4 30. Qf3 Ne5 31. Qc3 Bf6 32. Qb3 Qxa2 33. Qd1 Qa6 34. Qc2
Rab8 35. Rcd1 Nxc4 36. Bxf6 Nxf6 37. Nc7 Qc8 38. Ncxe6 Nxd2 39. Nxd8 Nf3+ 40.
exf3 Qxd8 41. Qd3 Qe7 42. Kg2 Rc8 43. Qf5 Qd7 44. Qxd7 Nxd7 45. Rxd6 Nf6 46. Rd3
c4 47. Rc3 Rc5 48. g4 Kf8 49. Kf1 Ke7 50. Nd3 Nd5 51. Rc1 Rc7 52. Ne5 c3 53. Ke2
Kd6 54. Nd3 Ra7 55. Kd1 Ra2 56. Rc2 Ra1+ 57. Ke2 Ra3 58. Nc1 Kc5 0-1

[Event "33rd Leon Blitz Final"]
[Site "chess.com INT"]
[Date "2020.07.15"]
[Round "1.1"]
[White "Antipov, Mikhail Al."]
[Black "Chigaev, Maksim"]
[Result "1/2-1/2"]
[WhiteTitle "GM"]
[BlackTitle "GM"]
[WhiteElo "2584"]
[BlackElo "2588"]
[WhiteFideId "4107012"]
[BlackFideId "4108116"]
[EventDate "2020.07.15"]
[EventType "k.o. blitz"]

1. e4 e5 2. Nf3 Nc6 3. Bc4 Nf6 4. d3 Bc5 5. O-O d6 6. c3 h6 7. Re1 a5 8. Nbd2
O-O 9. Nf1 a4 10. Bb5 a3 11. b4 Bb6 12. Ng3 Ne7 13. d4 Ng6 14. h3 c6 15. Bd3 Re8
16. Bc2 Be6 17. Be3 Qc7 18. Qd2 Rad8 19. Qc1 Ra8 20. Bd3 Qe7 21. Qc2 Bc7 22. c4
Rad8 23. d5 Bd7 24. Qd2 Rb8 25. Rac1 b5 26. cxb5 c5 27. bxc5 dxc5 28. Bxc5 Bd6
29. Qb4 Bxc5 30. Qxc5 Qd8 31. Rc3 Nf4 32. Bf1 Nh7 33. Rxa3 Ng5 34. Nxg5 Qxg5 35.
b6 h5 36. Qc7 Bxh3 37. gxh3 h4 38. b7 hxg3 39. Rxg3 Qf6 40. Rb1 Nh5 41. Rc3 Qg5+
42. Kh1 Qf4 43. Bg2 Qxf2 44. Qxb8 Rxb8 45. Rc8+ Kh7 46. Rxb8 Ng3+ 47. Kh2 Qf4
48. Rh8+ Kxh8 49. b8=Q+ Kh7 50. Qb3 Ne2+ 51. Kh1 Ng3+ 52. Kg1 Ne2+ 53. Kh1 Ng3+
54. Kh2 Ne2+ 55. Kh1 1/2-1/2

[Event "33rd Leon Blitz Final"]
[Site "chess.com INT"]
[Date "2020.07.15"]
[Round "1.2"]
[White "Chigaev, Maksim"]
[Black "Antipov, Mikhail Al."]
[Result "1/2-1/2"]
[WhiteTitle "GM"]
[BlackTitle "GM"]
[WhiteElo "2588"]
[BlackElo "2584"]
[WhiteFideId "4108116"]
[BlackFideId "4107012"]
[EventDate "2020.07.15"]
[EventType "k.o. blitz"]

1. e4 e5 2. Nf3 Nc6 3. Bc4 Bc5 4. d3 Nf6 5. Nbd2 h6 6. c3 a6 7. Bb3 d6 8. Nf1
Qe7 9. Ng3 Bd7 10. Be3 Bxe3 11. fxe3 O-O-O 12. O-O h5 13. Ng5 Rdf8 14. Nf5 Bxf5
15. Rxf5 Ng4 16. Nxf7 Nxe3 17. Nxh8 Rxh8 18. Rxh5 Nxd1 19. Rxh8+ Kd7 20. Rxd1
Qg5 21. Rh3 Na5 22. Bc2 c5 23. Rf3 b5 24. a3 Nc6 25. Bb3 Ne7 26. Bf7 a5 27. g3
Nc6 28. Kg2 Ne7 29. h4 Qh6 30. Rdf1 Qd2+ 31. R1f2 Qd1 32. Bh5 g6 33. Bg4+ Kc6
34. Be6 a4 35. Rf7 Qxd3 36. Rxe7 Qxe4+ 37. Kh2 Qe3 38. Ref7 e4 39. Bd7+ Kb6 40.
R7f6 Qd3 41. Bg4 Ka5 42. Re2 b4 43. cxb4+ cxb4 44. Rxg6 bxa3 45. bxa3 d5 46. Rg5
Kb6 47. h5 Kc5 48. h6 Qc3 49. h7 Qh8 50. Rh5 Kc4 51. Be6 Kd3 52. Rg2 d4 53. Bf5
Ke3 54. Rh4 d3 55. Rxe4+ Kf3 56. Rf4+ Ke3 57. Bxd3 Kxd3 58. Rh4 Ke3 59. Rc2 Kf3
60. Rf4+ Ke3 61. Rf7 Qe8 62. Rcf2 Qh8 63. Kh3 Qa8 64. R2f3+ Ke2 65. Kh4 Qh8 66.
Kh5 Qe5+ 67. Kg6 Qe6+ 68. Kg7 Qg4+ 69. Kh6 Qe6+ 70. R7f6 Qh3+ 71. Kg7 Qg4+ 72.
Kf7 Qd7+ 73. Kg8 Qg4+ 74. Kh8 Qc8+ 75. Rf8 Qg4 76. Rf2+ Ke1 77. Rf1+ Ke2 78.
R8f2+ Ke3 79. Rf3+ Ke2 80. R1f2+ Ke1 81. Rf7 Qc8+ 82. Rf8 Qc3+ 83. R2f6 Qxg3 84.
Re6+ Kd2 85. Rd8+ Kc1 86. Rde8 Qc3+ 87. Re5 Qd4 88. Kg8 Qg4+ 89. Kf7 Qd7+ 90.
R8e7 Qc8 91. Re1+ Kb2 92. R1e3 Qf5+ 93. Kg7 Qg5+ 94. Kf8 Qf6+ 95. Ke8 Qh8+ 96.
Kd7 Qd4+ 97. Kc8 Qc5+ 98. Rc7 Qf8+ 99. Kb7 Qh6 100. Rec3 Qh1+ 101. Ka7 Qg1+ 102.
Ka6 Qd4 103. Ka5 Ka2 104. Kb5 Kb2 105. Ka6 Ka2 106. Kb7 Qe4+ 107. R3c6 Qe5 108.
Rc8 Qb5+ 109. Rb6 Qd7+ 110. Rc7 Qd5+ 111. Ka7 Qa5+ 112. Kb7 Qd5+ 113. Rbc6 Qb5+
114. Ka8 Qa5+ 115. Kb8 Qe5 116. Rc3 Qe8+ 117. Kb7 Qb5+ 118. Ka7 Qa5+ 119. Kb7
Qb5+ 120. Ka8 Qa5+ 121. Kb8 Qb5+ 122. Ka8 Qa5+ 123. Kb7 Qb5+ 1/2-1/2

[Event "33rd Leon Blitz Final"]
[Site "chess.com INT"]
[Date "2020.07.15"]
[Round "1.3"]
[White "Antipov, Mikhail Al."]
[Black "Chigaev, Maksim"]
[Result "0-1"]
[WhiteTitle "GM"]
[BlackTitle "GM"]
[WhiteElo "2584"]
[BlackElo "2588"]
[WhiteFideId "4107012"]
[BlackFideId "4108116"]
[EventDate "2020.07.15"]
[EventType "k.o. blitz"]

1. e4 e5 2. Nf3 Nc6 3. Bc4 Nf6 4. d3 Bc5 5. O-O d6 6. c3 h6 7. Re1 O-O 8. h3 a5
9. Nbd2 Nh7 10. Nf1 Qf6 11. Be3 Bxe3 12. Rxe3 Ng5 13. Nxg5 Qxg5 14. Rg3 Qf6 15.
Ne3 Ne7 16. Qh5 c6 17. a4 Be6 18. Rf1 Kh7 19. Rf3 Qg6 20. Qxg6+ Nxg6 21. Bxe6
fxe6 22. Rxf8 Rxf8 23. Nc4 d5 24. Nxa5 Ra8 25. Nxb7 Rxa4 26. Nc5 Ra2 27. Rb1 Nf4
28. Kf1 Ra5 29. Nb3 Ra8 30. Nc5 Ra5 31. Nb3 Ra8 32. Nc1 g5 33. exd5 exd5 34. d4
e4 35. Ne2 Nd3 36. Nc1 Nf4 37. Ne2 Nd3 38. f3 Rf8 39. Ng1 Kg6 0-1

[Event "33rd Leon Blitz Final"]
[Site "chess.com INT"]
[Date "2020.07.15"]
[Round "1.4"]
[White "Chigaev, Maksim"]
[Black "Antipov, Mikhail Al."]
[Result "0-1"]
[WhiteTitle "GM"]
[BlackTitle "GM"]
[WhiteElo "2588"]
[BlackElo "2584"]
[WhiteFideId "4108116"]
[BlackFideId "4107012"]
[EventDate "2020.07.15"]
[EventType "k.o. blitz"]

1. e4 e5 2. Nf3 Nc6 3. d4 exd4 4. Nxd4 Bc5 5. Nxc6 Qf6 6. Qf3 bxc6 7. Nd2 Rb8 8.
Nb3 Be7 9. Be2 c5 10. O-O Qxf3 11. Bxf3 d6 12. Re1 Be6 13. c3 f6 14. Na5 Rb6 15.
Be2 h5 16. Nc4 Rb8 17. Ne3 Bf8 18. f4 Ne7 19. Bf3 g5 20. Nd5 Bxd5 21. exd5 g4
22. Bd1 Kf7 23. c4 f5 24. b3 Bg7 25. Rb1 Ng6 26. Bc2 Bd4+ 27. Kf1 Rhf8 28. Bd2
Rbe8 29. Rxe8 Rxe8 30. Bxf5 Kf6 31. Bxg6 Kxg6 32. g3 a5 33. Re1 Ra8 34. Re7 a4
35. Rxc7 axb3 36. axb3 Ra2 37. Ke1 Kf5 38. Re7 Bg1 39. Rf7+ Ke4 40. f5 Kd3 41.
Kf1 Bd4 42. Be1 Rxh2 43. Re7 Rh1+ 44. Kg2 Rg1+ 45. Kh2 Rf1 46. Kg2 Rxf5 47. Re6
Be5 48. b4 Kxc4 49. bxc5 Kxc5 50. Re8 Kxd5 51. Ra8 Bd4 52. Re8 Re5 53. Rxe5+
dxe5 54. Bd2 e4 0-1

[Event "33rd Leon Blitz Final"]
[Site "chess.com INT"]
[Date "2020.07.15"]
[Round "1.5"]
[White "Antipov, Mikhail Al."]
[Black "Chigaev, Maksim"]
[Result "0-1"]
[WhiteTitle "GM"]
[BlackTitle "GM"]
[WhiteElo "2584"]
[BlackElo "2588"]
[WhiteFideId "4107012"]
[BlackFideId "4108116"]
[EventDate "2020.07.15"]
[EventType "k.o. blitz"]

1. e4 e6 2. d4 d5 3. Nc3 Bb4 4. e5 Ne7 5. a3 Bxc3+ 6. bxc3 b6 7. Qg4 Ng6 8. h4
h5 9. Qd1 Ba6 10. Bxa6 Nxa6 11. Bg5 Qd7 12. Ne2 Qa4 13. Rh3 c5 14. Ng3 Rc8 15.
Nxh5 Rh7 16. Nf4 Nxf4 17. Bxf4 cxd4 18. cxd4 Qxc2 19. Rc1 Qxd1+ 20. Kxd1 Rc4 21.
Be3 Nc7 22. Rb1 Ke7 23. h5 Na6 24. g4 Nb8 25. Kd2 Nc6 26. Kd3 f6 27. f4 Rh8 28.
g5 f5 29. h6 g6 30. Rhh1 Kf7 31. Rhc1 Na5 32. Bd2 Rhc8 33. Rh1 Nc6 34. Be3 Na5
35. Rbc1 Kg8 36. Rxc4 Nxc4 37. Bc1 b5 38. Rh2 a5 39. Rc2 Kh7 40. Bd2 Ra8 41. Rc1
Ra7 42. Rc3 Nb2+ 43. Ke2 Nc4 44. Rc1 Kg8 45. Rc2 Kh7 46. Kd3 Kg8 47. Bc1 Kh7 48.
Rc3 Rb7 49. Rb3 Kg8 50. Bd2 Kh7 51. Rc3 Ra7 52. Bc1 Rb7 53. Kc2 Kg8 54. Kb3 Kh7
55. Rc2 Ra7 56. Ka2 Rb7 57. Bb2 Kg8 58. Ba1 Kh7 59. Rc1 Kg8 60. Kb3 Kh7 61. Bc3
Kg8 62. Be1 Kh7 63. Ka2 Ra7 64. Bxa5 Rxa5 65. Kb3 Rxa3+ 66. Kb4 Rd3 67. Ra1 Rxd4
68. Ra7+ Kh8 69. Kc5 Rxf4 70. Ra8+ Kh7 71. Ra7+ Kh8 72. Kc6 Rg4 73. Kd7 Rxg5 74.
Kxe6 Nxe5 75. Kxe5 Rh5 76. Kf6 Rxh6 77. Rb7 f4 78. Kg5 Rh1 79. Kxf4 Rf1+ 80. Kg5
Kg8 81. Kh6 Kf8 82. Kxg6 Ke8 83. Rb8+ Kd7 84. Rxb5 Kc6 85. Rb2 Re1 86. Rc2+ Kd6
87. Kf5 Re6 88. Ra2 Re5+ 89. Kg4 Re4+ 90. Kf3 Kc5 91. Ra6 Rc4 92. Ra8 Kd4 93.
Rc8 Rc3+ 94. Kf4 Rxc8 0-1

[Event "33rd Leon Blitz Final"]
[Site "chess.com INT"]
[Date "2020.07.15"]
[Round "1.1"]
[White "Korobov, Anton"]
[Black "Nguyen, Ngoc Truong Son"]
[Result "1-0"]
[WhiteTitle "GM"]
[BlackTitle "GM"]
[WhiteElo "2688"]
[BlackElo "2641"]
[WhiteFideId "14105730"]
[BlackFideId "12401110"]
[EventDate "2020.07.15"]
[EventType "k.o. blitz"]

1. d4 Nf6 2. c4 e6 3. Nc3 Bb4 4. Nf3 d5 5. Bg5 h6 6. Bxf6 Qxf6 7. Qa4+ Nc6 8. e3
O-O 9. Bd3 dxc4 10. Bxc4 Bd6 11. O-O a6 12. Ne4 Qe7 13. Rac1 Bd7 14. Qc2 Nb4 15.
Qb1 Bc6 16. a3 Nd5 17. Rfd1 Rfd8 18. Bd3 Nf6 19. h3 Bxe4 20. Bxe4 c6 21. Bc2 Bc7
22. Bb3 Rd7 23. Qc2 Rad8 24. Ba2 g6 25. Re1 Kg7 26. Qc3 Nd5 27. Qb3 Nf6 28. Rc2
e5 29. dxe5 Bxe5 30. Qxf7+ Qxf7 31. Bxf7 Bxb2 32. Be6 Bxa3 33. Bxd7 Rxd7 34. e4
Bb4 35. Ree2 a5 36. Rc4 Rd1+ 37. Kh2 c5 38. e5 Nd5 39. e6 b5 40. e7 Nxe7 41.
Rxe7+ Kf6 42. Rce4 Rd6 43. Rb7 a4 44. Rxb5 a3 45. Rexb4 cxb4 46. Rxb4 Ra6 47.
Rb1 a2 48. Ra1 Kf5 49. Nd2 Ke5 50. Nb3 Rb6 51. Na5 1-0

[Event "33rd Leon Blitz Final"]
[Site "chess.com INT"]
[Date "2020.07.15"]
[Round "1.2"]
[White "Nguyen, Ngoc Truong Son"]
[Black "Korobov, Anton"]
[Result "1-0"]
[WhiteTitle "GM"]
[BlackTitle "GM"]
[WhiteElo "2641"]
[BlackElo "2688"]
[WhiteFideId "12401110"]
[BlackFideId "14105730"]
[EventDate "2020.07.15"]
[EventType "k.o. blitz"]

1. d4 Nf6 2. Nf3 g6 3. c4 Bg7 4. g3 O-O 5. Bg2 Nc6 6. O-O a6 7. Nc3 Rb8 8. Bf4
d6 9. Rc1 b5 10. Nd5 bxc4 11. Nxf6+ exf6 12. Rxc4 Nb4 13. Qd2 Nd5 14. b3 Nxf4
15. Qxf4 Re8 16. Qd2 Qe7 17. e3 Be6 18. d5 Bd7 19. Rxc7 Rec8 20. Rfc1 Qd8 21.
Rxc8 Rxc8 22. Nd4 Rxc1+ 23. Qxc1 f5 24. Nc6 Qb6 25. Bf1 Bf6 26. Qc4 a5 27. Qb5
Qxb5 28. Bxb5 Kf8 29. Kf1 Bc3 30. Ke2 g5 31. Na7 Ke7 32. Bxd7 Kxd7 33. Nb5 Bb2
34. Kd3 g4 35. Nd4 1-0

[Event "33rd Leon Blitz Final"]
[Site "chess.com INT"]
[Date "2020.07.15"]
[Round "1.3"]
[White "Korobov, Anton"]
[Black "Nguyen, Ngoc Truong Son"]
[Result "1-0"]
[WhiteTitle "GM"]
[BlackTitle "GM"]
[WhiteElo "2688"]
[BlackElo "2641"]
[WhiteFideId "14105730"]
[BlackFideId "12401110"]
[EventDate "2020.07.15"]
[EventType "k.o. blitz"]

1. d4 Nf6 2. c4 e6 3. Nc3 Bb4 4. e3 O-O 5. Bd3 d5 6. a3 Bxc3+ 7. bxc3 b6 8. cxd5
exd5 9. Ne2 Ba6 10. O-O c5 11. f3 Re8 12. Ng3 Bxd3 13. Qxd3 Nc6 14. Bb2 h5 15.
Rae1 cxd4 16. cxd4 g6 17. e4 h4 18. Nh1 h3 19. g3 dxe4 20. fxe4 Ne5 21. Qb3 Neg4
22. Nf2 Qd7 23. Nxg4 Nxg4 24. Rf4 Re7 25. Ref1 Rae8 26. Qf3 Nh6 27. Rh4 Nf5 28.
exf5 Re3 29. d5 f6 30. Qg4 g5 31. Qxg5+ fxg5 32. Rh8+ Kf7 33. Rh7+ Kg8 34. Rxd7
Re2 35. f6 1-0

[Event "33rd Leon Blitz Final"]
[Site "chess.com INT"]
[Date "2020.07.15"]
[Round "1.4"]
[White "Nguyen, Ngoc Truong Son"]
[Black "Korobov, Anton"]
[Result "1/2-1/2"]
[WhiteTitle "GM"]
[BlackTitle "GM"]
[WhiteElo "2641"]
[BlackElo "2688"]
[WhiteFideId "12401110"]
[BlackFideId "14105730"]
[EventDate "2020.07.15"]
[EventType "k.o. blitz"]

1. e4 c5 2. Nf3 d6 3. d4 cxd4 4. Nxd4 Nf6 5. Nc3 a6 6. Bg5 Nbd7 7. Qe2 h6 8. Be3
g6 9. O-O-O e5 10. Nb3 b5 11. a3 Bb7 12. f3 Rc8 13. Qd2 h5 14. Kb1 Be7 15. h4
Nb6 16. Bg5 Kf8 17. Bxf6 Bxf6 18. Qxd6+ Kg7 19. Qxd8 Rhxd8 20. Rxd8 Rxd8 21. Bd3
Be7 22. g3 Bc8 23. Rd1 Be6 24. Nc1 Nc4 25. Bxc4 Bxc4 26. Rxd8 Bxd8 27. Nd3 f6
28. b3 Be6 29. Nd5 g5 30. Ne3 gxh4 31. gxh4 Kg6 32. Kc1 Be7 33. b4 Bd6 34. Kd2
f5 35. exf5+ Bxf5 36. Nxf5 Kxf5 37. Ke2 Be7 38. Nc5 a5 39. Kf2 axb4 40. axb4
Bxh4+ 41. Kg2 Be7 42. Nd3 e4 43. fxe4+ Kxe4 44. Kh3 Kd4 45. Nf4 Bxb4 46. Ne6+
Kc3 47. Nc7 Kxc2 48. Nxb5 1/2-1/2

[Event "33rd Leon Blitz Final"]
[Site "chess.com INT"]
[Date "2020.07.15"]
[Round "1.1"]
[White "Sevian, Samuel"]
[Black "Van Foreest, Jorden"]
[Result "1/2-1/2"]
[WhiteTitle "GM"]
[BlackTitle "GM"]
[WhiteElo "2660"]
[BlackElo "2682"]
[WhiteFideId "2040506"]
[BlackFideId "1039784"]
[EventDate "2020.07.15"]
[EventType "k.o. blitz"]

1. e4 c6 2. d4 d5 3. Nd2 dxe4 4. Nxe4 Nf6 5. Nxf6+ exf6 6. c3 Bd6 7. Bd3 O-O 8.
Qc2 c5 9. Ne2 g6 10. Be3 Qc7 11. dxc5 Bxc5 12. Bxc5 Qxc5 13. O-O Nc6 14. Rad1
Ne5 15. Nd4 Bg4 16. Be2 Rfe8 17. Bxg4 Nxg4 18. h3 Ne5 19. Rfe1 Nc6 20. Nb3 Qc4
21. a3 Kg7 22. Nd2 Qf4 23. Nf3 h5 24. Qb3 Qc7 25. Qc4 Rxe1+ 26. Rxe1 Qd7 27. Qe4
Rd8 28. Re2 Qd1+ 29. Re1 Qd6 30. Qc4 a6 31. a4 Rd7 32. Qe4 Re7 33. Qb1 Rxe1+ 34.
Qxe1 Qd3 35. Qd2 Qc4 36. Qd7 Qxa4 37. Qxb7 Qd1+ 38. Kh2 Qd6+ 39. Kg1 Qd1+ 40.
Kh2 Qd6+ 41. g3 a5 42. Qb5 Qe6 43. Qd3 Qb3 44. Qe2 a4 45. Nd4 Nxd4 46. cxd4 Kf8
47. Kg1 Qb4 48. d5 Qc5 49. Qd2 Ke7 50. Qd1 Qb5 51. Qd4 f5 52. Qe5+ Kd7 53. h4
Qc5 54. Kg2 Qc4 55. Kh2 Qd3 56. Kg1 Qb1+ 57. Kh2 Qe4 58. Qb8 Qxd5 59. Qb4 Qb3
60. Qd4+ Ke6 61. Kg1 Qb5 62. Kh2 Qc6 63. Kg1 Qd7 64. Qc4+ Ke7 65. Qb4+ Kf6 66.
Qc3+ Ke6 67. Qc4+ Ke5 68. Qc5+ Qd5 69. Qc7+ Kf6 70. Qc3+ Ke7 71. Qb4+ Ke6 72.
Qxa4 Qd2 73. Qc4+ Kd6 74. b4 Qd1+ 75. Kh2 Qd2 76. Qc5+ Ke6 77. b5 Qd5 78. Qe3+
Kd6 79. Qb6+ Kd7 80. Qa7+ Kc8 81. b6 Qb7 82. Qa5 Qc6 83. Qa6+ Qb7 84. Qc4+ Kd7
85. Qc5 Qc6 86. Qa5 Kc8 87. Kg1 Qc1+ 88. Kg2 Qc6+ 89. Kf1 Qc1+ 90. Kg2 Qc6+ 91.
Kh2 Kb7 92. Qa7+ Kc8 93. Qa6+ Kb8 94. Kg1 Qc1+ 95. Kg2 Qc6+ 96. Kh2 Qd7 97. Qc4
Kb7 98. Qc5 Qc6 99. Qe7+ Kxb6 100. Qxf7 Qd6 101. Qc4 Qc6 102. Qf7 Kc5 103. Qe7+
Kd5 104. Kg2 Kd4+ 105. Kh2 Kd5 106. Qg5 Kd4 107. Qf4+ Kd5 108. Qe3 Kd6 109. Kg1
Qd5 110. Qe8 Qe6 111. Qd8+ Ke5 112. Qh8+ Qf6 113. Qe8+ Qe6 114. Qh8+ Qf6 115.
Qc8 Qd6 116. Qc3+ Ke6 117. Qg7 Kd5 118. Kg2 Qe6 119. Qb2 Qe4+ 120. Kh2 Ke6 121.
Qg7 f4 122. Qg8+ Ke5 123. Qe8+ Kf5 124. Qf7+ Ke5 125. Qe7+ Kd5 126. Qg5+ Ke6
127. gxf4 Kf7 128. Kg3 Qd3+ 129. f3 Qd1 130. Qc5 Qe1+ 131. Qf2 Qc1 132. Qa2+ Kf6
133. Qa6+ Kf7 134. Qa7+ Ke6 135. Qb6+ Kf7 136. Qb7+ Kf6 137. Qa6+ Kf7 138. Qb6
Qe1+ 139. Qf2 Qc1 140. Qe2 Qg1+ 141. Qg2 Qe1+ 142. Kh3 Qe6+ 143. Kh2 Qd6 144.
Kg3 Qd1 145. Qa2+ Kf6 146. Qa6+ Kf7 147. Qa7+ Kf6 148. Qb6+ Kf7 149. Qe3 Qd5
150. Qe4 Qd1 151. Qe3 Qb1 152. Qa7+ Kf6 153. Qd4+ Kf7 154. Qd5+ Kf6 155. Qe5+
Kf7 156. Kf2 Qc2+ 157. Qe2 Qc5+ 158. Qe3 Qc2+ 159. Kg3 Qb1 160. Kg2 Qb2+ 161.
Qf2 Qc1 162. Qa7+ Ke6 163. Qb6+ Kf7 164. Qb7+ Kf6 165. Qb6+ Kf7 166. Qb7+ Kf6
167. Qe4 Qd2+ 168. Kg3 Qc3 169. Qe8 Kg7 170. Qe7+ Kh6 171. Qg5+ Kh7 172. Qe7+
Kh6 173. Qe5 Qc8 174. Qf6 Kh7 175. Qe7+ Kh6 176. Qg5+ Kh7 177. f5 Qc7+ 178. Qf4
Qg7 179. Qg5 Qe5+ 180. Qf4 Qe1+ 181. Kg2 Qe2+ 182. Kh3 Qf1+ 183. Kh2 Qf2+ 184.
Kh3 Qf1+ 185. Kh2 Qf2+ 1/2-1/2

[Event "33rd Leon Blitz Final"]
[Site "chess.com INT"]
[Date "2020.07.15"]
[Round "1.2"]
[White "Van Foreest, Jorden"]
[Black "Sevian, Samuel"]
[Result "0-1"]
[WhiteTitle "GM"]
[BlackTitle "GM"]
[WhiteElo "2682"]
[BlackElo "2660"]
[WhiteFideId "1039784"]
[BlackFideId "2040506"]
[EventDate "2020.07.15"]
[EventType "k.o. blitz"]

1. e4 e5 2. Nf3 Nc6 3. Bb5 a6 4. Ba4 Nf6 5. O-O Be7 6. d3 d6 7. c3 O-O 8. Re1
Re8 9. Nbd2 Bf8 10. Nf1 h6 11. Ng3 b5 12. Bc2 Bb7 13. Nf5 d5 14. Qe2 Ne7 15.
Nxe7+ Rxe7 16. a4 Rb8 17. axb5 axb5 18. h3 g6 19. Be3 Bg7 20. Bc5 Re8 21. Nd2
Nd7 22. Ba7 Ra8 23. Nb3 Qe7 24. Qe3 Bf8 25. d4 dxe4 26. Bxe4 exd4 27. Qxd4 c5
28. Bxc5 Rxa1 29. Bxe7 Rxe1+ 30. Kh2 Rxe4 31. Qxd7 R4xe7 32. Qxb5 Rd8 33. Na5
Ba8 34. Nc6 Bxc6 35. Qxc6 Re2 36. b4 Rxf2 37. b5 Bd6+ 38. Kg1 Bg3 0-1

[Event "33rd Leon Blitz Final"]
[Site "chess.com INT"]
[Date "2020.07.15"]
[Round "1.3"]
[White "Sevian, Samuel"]
[Black "Van Foreest, Jorden"]
[Result "1-0"]
[WhiteTitle "GM"]
[BlackTitle "GM"]
[WhiteElo "2660"]
[BlackElo "2682"]
[WhiteFideId "2040506"]
[BlackFideId "1039784"]
[EventDate "2020.07.15"]
[EventType "k.o. blitz"]

1. e4 c6 2. d4 d5 3. e5 c5 4. dxc5 e6 5. Be3 Nd7 6. Nf3 Bxc5 7. Bxc5 Nxc5 8. Bd3
Qb6 9. b3 Ne7 10. O-O h6 11. Re1 Bd7 12. a4 Rc8 13. Nbd2 O-O 14. Nf1 Qb4 15. Ng3
Nxd3 16. Qxd3 Rc3 17. Qd2 Rfc8 18. Ne2 Nf5 19. Nxc3 Rxc3 20. Rad1 a5 21. Nd4
Nxd4 22. Qxd4 Rxc2 23. Qxb4 axb4 24. Rd4 Bc6 25. Rxb4 Rb2 26. h4 Kh7 27. h5 g5
28. hxg6+ Kxg6 29. Re3 f5 30. Rg3+ Kh7 31. Rh4 Be8 32. Rgh3 h5 33. Rb4 Bc6 34.
Rxh5+ Kg6 35. Rh3 Rb1+ 36. Kh2 Rb2 37. Rf4 Kg5 38. Rfh4 Rxf2 39. Kg3 Rf1 40.
Rh5+ Kg6 41. Rh6+ Kf7 42. Rf6+ Kg7 43. Rxe6 f4+ 44. Kh4 d4 45. Rd3 Bxg2 46. Rxd4
f3 47. Rd7+ Kf8 48. Kg3 Rh1 49. Rxb7 f2 50. Rb8+ Kg7 51. Kxf2 Bd5 52. Rd6 1-0

[Event "33rd Leon Blitz Final"]
[Site "chess.com INT"]
[Date "2020.07.15"]
[Round "2.1"]
[White "Ponkratov, Pavel"]
[Black "Sevian, Samuel"]
[Result "0-1"]
[WhiteTitle "GM"]
[BlackTitle "GM"]
[WhiteElo "2631"]
[BlackElo "2660"]
[WhiteFideId "4157800"]
[BlackFideId "2040506"]
[EventDate "2020.07.15"]
[EventType "k.o. blitz"]

1. d4 Nf6 2. c4 e6 3. Nf3 d5 4. Nc3 c6 5. g3 dxc4 6. Bg2 b5 7. O-O a6 8. Ne5 Bb7
9. b3 b4 10. Ne4 Nxe4 11. Bxe4 c3 12. Qd3 Be7 13. Bf4 a5 14. a3 Qc8 15. axb4
axb4 16. Rxa8 Bxa8 17. Ra1 Bb7 18. Ra7 f5 19. Bg2 O-O 20. e4 Ba6 21. Qc2 Bf6 22.
exf5 exf5 23. h4 Bb5 24. Bh3 Bd8 25. Qc1 Qe6 26. Bg5 Bf6 27. Bxf6 Qxf6 28. Bg2
h6 29. h5 Qe6 30. Ng6 Re8 31. Qf4 c2 32. Kh2 Nd7 33. Nh4 Bd3 34. Rc7 Be4 35.
Bxe4 Qxe4 36. Qxe4 Rxe4 37. Rxc6 Re2 38. Kg2 Nf6 39. Kf3 Rd2 40. Ke3 Rd1 41.
Rxc2 Nd5+ 42. Kf3 Rd3+ 43. Kg2 Rxb3 44. Nxf5 Rc3 45. Ra2 b3 46. Ra7 b2 47. Rb7
Rc2 48. Kf3 Rd2 49. Ne3 Nc3 50. Nc4 Rd3+ 51. Kg4 b1=Q 52. Rxb1 Rxd4+ 53. f4 Nxb1
54. Ne5 Nc3 55. Kf5 Nd5 56. Ng6 Ne3+ 57. Ke6 Ra4 0-1